| 000 | 00420pam a2200157a 44500 | ||
|---|---|---|---|
| 008 | 230515b2020 xxu||||| |||| 00| 0 eng d | ||
| 020 | _a978-81-909872-0-2 | ||
| 041 | _aHINDI | ||
| 082 | _a615.537/LCH | ||
| 100 | _aKRISHNACHANDRA CHUNEKAR | ||
| 245 | _aBHAVPRAKASH NIGHANTU (HINDI) | ||
| 250 | _aR | ||
| 260 |
_aVARANASHI _bCHAUKHAMBA BHARTI ACADMI _c2020 |
||
| 300 | _a960 | ||
| 650 | _aBHAVPRAKASH NIGHANTU (HINDI) | ||
| 999 |
_c502833 _d502833 |
||